=LDR 00000nam 2200000 4500 =001 INLIS000000000032797 =005 20220712022614 =035 ##$$a 0010-061300000032797 =008 220712################g##########0#ind## =041 ##$$a ind =082 ##$$a F Rom D =090 ##$$a F Rom D, Sha k =100 ##$$a Shabira, Aghina Nada =245 1#$$a Kecil-kecil punya karya, Mawar raksasa, /$c Aghina Nada Shabira;Penyunting, Dadan Ramadhan =260 ##$$a Bandung :$b Dar Mizan,$c 2008 =300 ##$$a 120 hlm : $b Ilus ; $c 21 cm =650 #4$$a Fiksi Kanak-kanak =700 #$$a Ramadhan, Dadan =850 ##$$a NBPNMAT =020 ##$$a 978-979-752-814-0 =084 ##$$a F Rom D SHA k =990 ##$$a 0001/BPAP-NTB/20142014 =990 ##$$a 0001/BPAP-NTB/20142015 =990 ##$$a 25312531 =990 ##$$a 0001/BPAP-NTB/20142014 =990 ##$$a 0001/BPAP-NTB/20142015 =990 ##$$a 1201001682 =990 ##$$a 21001980 =990 ##$$a 0001/BPAP-NTB/20142015 =990 ##$$a 1201001682